000
00513nam a2200181Ia 4500
008
090124s9999 xx 000 0 und d
082
_b
124928
100
_a
खांडेकर संजीव
245
_a
अशांत पर्व
250
_a
1
260
_c
1991
300
_a
159
600
_a
खांडेकर संजीव
630
_a
अशांत पर्व
700
_a
खांडेकर संजीव
730
_a
अशांत पर्व
942
_c
BOOK
999
_c
171015
_d
171015